000
00320nam a2200133Ia 4500
008
191201s2007 xx 000 0 und d
082
_a
658.8
_b
RAI
100
_a
GOPAL, Raj
245
0
_a
International Marketing
260
_a
N.Delhi
_b
Vikas Publication House
_c
2007
300
_a
533
650
_a
MBA
942
_2
ddc
_c
BK
999
_c
2638
_d
2638